Peace by piece

Saved in:
நூற்பட்டியல் விவரங்கள்
குழும எழுத்தாளர்: Safam (Musical group)
வடிவம்: கேட்பொலி
மொழி:English
வெளியீடப்பட்டது: Newton : Safam, 1984.
பகுதிகள்:
குறியீடுகள்: குறிச்சொல் இணை
குறியீடுகள் இல்லை, இந்த குறிச்சொல்லை முதலில் பதிவு செய்யுங்கள்!
LEADER 00609njm a22002057u 4500
001 007716191-2
005 20091013173624.0
008 870112s1984||||mau||nn||||||||||| eng|d
028 0 2 |a 12574  |b SF 
035 0 |a ocm36291286 
110 2 |a Safam (Musical group) 
245 1 0 |a Peace by piece  |h sound recording. 
260 0 |a Newton :  |b Safam,  |c 1984. 
300 |a 1 sound disc :  |b digital, stereo. ;  |c 4 3/4 in. 
500 |a Words of songs in English printed on insert. 
650 0 |a Jews  |z United States  |v Music. 
655 7 |a Compact discs.  |2 lcsh 
650 0 |a Synagogue music  |z United States. 
988 |a 20020608 
906 |0 MH